000
00202nam a22000857a 4500
999
_c
11041
_d
11041
008
180802b ||||| |||| 00| 0 eng d
100
_a
Milbourne Anna
_9
6825
245
_a
Arabian Nights
260
_a
New Delhi